|
|
|
|
| LEADER |
00000nam a22000007a 4500 |
| 003 |
CL-VaPUC |
| 005 |
20220822114622.0 |
| 008 |
220714t1990 ||||| |||| 00| 0 eng d |
| 999 |
|
|
|c 437026
|d 437024
|
| 020 |
|
|
|a 3-89350-960-7 (obra completa)
|
| 040 |
|
|
|c Pontificia Universidad Católica de Valparaíso
|
| 082 |
|
|
|2 22
|a 930.03 AND 1990
|
| 100 |
|
|
|9 872888
|a Andresen, Carl
|e autor
|
| 245 |
|
|
|a Lexikon der alten Welt.
|
| 260 |
|
|
|a Zürich, Schweizerisch;
|a München, Deutschland:
|b Artemis,
|c 1990.
|
| 300 |
|
|
|a 3 Volúmenes.
|
| 500 |
|
|
|a c.1 Volumen 1: Donación Familia Prof. Alejandro Guzmán Brito. c.1 Volumen 2: Donación Familia Prof. Alejandro Guzmán Brito. c.1 Volumen 3: Donación Familia Prof. Alejandro Guzmán Brito.
|
| 505 |
|
|
|a v.1 (Band 1): A-Z. A commentariis - Gynaikonomen. v.2 (Band 2): H-Q. Haaropter -Qumran v.3 (Band 3): R-Z. Rabbi- Zypresse.
|
| 583 |
|
|
|c 20220714
|k Yessy Sthefany Diaz Vidal
|
| 650 |
|
0 |
|9 267521
|a Historia antigua
|x Diccionarios
|z Alemán
|
| 650 |
|
0 |
|a Historia antigua
|9 267521
|x Enciclopedias
|z Alemán
|
| 700 |
|
|
|9 872889
|a Erbse, Hartmut
|e autor
|
| 700 |
|
|
|9 358140
|a Gigon, Olof
|e autor
|
| 700 |
|
|
|9 872890
|a Schefold, Karl
|e autor
|
| 700 |
|
|
|9 872891
|a Friedrich Stroheker, Karl
|e autor
|
| 700 |
|
|
|9 872892
|a Zinn, Ernst
|e autor
|
| 700 |
|
|
|9 872893
|a Bartels, Klaus
|e redaktion
|
| 700 |
|
|
|9 872894
|a Huber, Ludwig
|e redaktion
|
| 942 |
|
|
|2 ddc
|c BK
|n 0
|
| 952 |
|
|
|0 0
|1 0
|2 ddc
|4 0
|6 930_030000000000000_AND_1990
|7 0
|8 C_AGB
|9 584761
|a BIBDER
|b BIBDER
|d 2022-07-14
|e Donación
|h v.1
|i 5652818
|o 930.03 AND 1990
|p 5652818
|r 2023-01-25
|t 1
|w 2022-07-14
|y BK_US
|k AGB
|
| 952 |
|
|
|0 0
|1 0
|2 ddc
|4 0
|6 930_030000000000000_AND_1990
|7 0
|8 C_AGB
|9 584763
|a BIBDER
|b BIBDER
|d 2022-07-14
|e Donación
|h v.2
|i 5652819
|o 930.03 AND 1990
|p 5652819
|r 2023-01-25
|t 1
|w 2022-07-14
|y BK_US
|k AGB
|
| 952 |
|
|
|0 0
|1 0
|2 ddc
|4 0
|6 930_030000000000000_AND_1990
|7 0
|8 C_AGB
|9 584764
|a BIBDER
|b BIBDER
|d 2022-07-14
|e Donación
|h v.3
|i 5652820
|o 930.03 AND 1990
|p 5652820
|r 2023-01-25
|t 1
|w 2022-07-14
|y BK_US
|k AGB
|